| 000 | 00371nam a2200145Ia 4500 | ||
|---|---|---|---|
| 008 | 230711s9999||||xx |||||||||||||| ||und|| | ||
| 041 | _aENG | ||
| 082 | _a720 | ||
| 100 | _aLesenfoted,Couy TA | ||
| 245 | 0 | _aLS interior world image CD version 5.1.4 | |
| 250 | _a1st | ||
| 260 |
_c2003 _aNew Delhi _bProfessional Creative Resources |
||
| 650 | _aArchitecture | ||
| 942 | _cBK | ||
| 999 |
_c4198 _d4198 |
||